[Event "1/32 Finale"]
[Site "www.chess-mail.com"]
[Date "2015.07.20"]
[Round "1"]
[White "Rocadamare"]
[Black "Ranjachess"]
[WhiteElo "2690"]
[BlackElo "1700"]
[Result "1-0"]
[Round "1"]
1.d4 d5
2.c4 Bc8f5
3.cxd5 Qd8xd5
4.Nb1c3 Qd5d7
5.e4 Bf5g6
6.Ng1f3 Ng8f6
7.Nf3e5 Qd7c8
8.Ne5xg6 hxg6
9.e5 Qc8e6
10.Bf1e2 Nf6d5
11.Be2c4 Nd5xc3
12.Qd1b3 Qe6f5
13.bxc3 b6
14.e6 f6
15.O-O a6
16.Rf1d1 b5
17.Bc4d3 Qf5h5
18.Bc1f4 Ra8a7
19.a4 Ra7b7
20.axb5 axb5
21.Rd1b1 c6
22.Ra1a8 Kd8
23.Qb3c4 Qh5d5
24.Qc4xd5 cxd5
25.Rb1xb5 Rb7c7
26.Rb5xb8 Rc7c8
27.Rb8xc8 
1-0

[Event "1/64 Finale"]
[Site "www.chess-mail.com"]
[Date "2015.07.20"]
[Round "1"]
[White "Mchess"]
[Black "Averoes"]
[WhiteElo "1690"]
[BlackElo "2210"]
[Result "0-1"]
[Round "1"]
1.c4 f5
2.Ng1f3 Ng8f6
3.b3 g6
4.Bc1b2 Bf8g7
5.g3 O-O
6.Bf1g2 c5
7.O-O Nb8c6
8.Nf3e5 Nc6xe5
9.Bb2xe5 d6
10.Be5b2 e5
11.d3 Ra8b8
12.Nb1c3 a6
13.Nc3d5 Nf6xd5
14.Bg2xd5 Kh8
15.e3 f4
16.exf4 exf4
17.Bb2xg7 Kxg7
18.Rf1e1 Qd8g5
19.Qd1e2 Bc8g4
20.Bd5f3 Bg4xf3
21.Qe2xf3 fxg3
22.Qf3xg3 Qg5f6
23.Ra1d1 Rb8e8
24.Re1e4 Qf6b2
25.Re4xe8 Rf8xe8
26.Qg3xd6 Qb2xa2
27.Qd6d7 Kf8
28.Qd7xh7 Qa2xb3
29.Qh7h8 Kf7
 { time }
0-1

[Event "1/128 Finale"]
[Site "www.chess-mail.com"]
[Date "2015.07.20"]
[Round "1"]
[White "Averoes"]
[Black "Lena"]
[WhiteElo "2210"]
[BlackElo "1499"]
[Result "0-1"]
[Round "1"]
1.d4 d5
2.c4 c6
3.Ng1f3 e6
4.Nb1c3 dxc4
5.a4 Bf8b4
6.e3 b5
7.Nf3e5 Ng8f6
8.Qd1f3 O-O
9.axb5 Nf6d5
10.Bc1d2 cxb5
11.Nc3xb5 Bb4xd2
12.Kxd2 Qd8b6
13.Bf1xc4 Bc8a6
14.Ra1xa6 Nb8xa6
15.b3 Qb6a5
16.Ke2 Qa5a2
17.Ke1 Qa2a5
18.Ke2 Qa5a2
19.Ke1 Na6b4
20.Qf3d1 Nb4c2
21.Kf1 Nc2xe3
{ resign }
0-1

[Event "1/128 Finale"]
[Site "www.chess-mail.com"]
[Date "2015.07.20"]
[Round "1"]
[White "Norwich"]
[Black "Lena"]
[WhiteElo "1670"]
[BlackElo "1499"]
[Result "1-0"]
[Round "1"]
1.d4 d5
2.Bc1f4 Ng8f6
3.e3 c5
4.c3 Nb8c6
5.Ng1f3 Qd8b6
6.Qd1b3 c4
7.Qb3xb6 axb6
8.Nb1d2 b5
9.Nf3e5 Bc8f5
10.Bf1e2 e6
11.O-O b4
12.Ne5xc6 bxc6
13.Nd2f3 bxc3
14.bxc3  { time }
1-0

[Event "1/16 Finale"]
[Site "www.chess-mail.com"]
[Date "2015.07.20"]
[Round "1"]
[White "Montinskij"]
[Black "Rocadamare"]
[WhiteElo "2239"]
[BlackElo "2690"]
[Result "1/2-1/2"]
[Round "1"]
1.e4 c5
2.Ng1f3 d6
3.d4 cxd4
4.Nf3xd4 Ng8f6
5.Nb1c3 a6
6.Bc1e3 e5
7.Nd4f3 Bf8e7
8.Bf1c4 O-O
9.O-O Nb8c6
10.Bc4b3 Bc8e6
11.Qd1e2 Nc6a5
12.Bb3xe6 fxe6
13.Nc3a4 Ra8b8
14.b4 b5
15.bxa5 bxa4
16.Qe2d3 Qd8c7
17.Ra1b1 Qc7c6
18.Nf3d2 d5
19.Be3g5 Be7b4
20.exd5 exd5
21.c4 Bb4xd2
22.cxd5 Qc6xd5
23.Qd3xd2 h6
24.Rb1d1 hxg5
25.Qd2xd5 { draw }
1/2-1/2

[Event "1/128 Finale"]
[Site "www.chess-mail.com"]
[Date "2015.07.20"]
[Round "1"]
[White "Lena"]
[Black "Kenji"]
[WhiteElo "1499"]
[BlackElo "1099"]
[Result "0-1"]
[Round "1"]
1.e4 e5
2.Ng1f3 Nb8c6
3.Bf1b5 Bf8d6
4.O-O Ng8e7
5.c3 O-O
6.d4 a6
7.Bb5d3 b5
8.Nb1d2 Ne7g6
9.g3 Bc8b7
10.Rf1e1 Rf8e8
11.Bd3f1 Bd6e7
12.Bf1g2 d6
13.h4 exd4
14.cxd4 h6
15.h5 Ng6f8
16.d5 Nc6e5
17.Nf3xe5 dxe5
18.Nd2b3 c5
 { time }
0-1

[Event "1/4 Finale"]
[Site "www.chess-mail.com"]
[Date "2015.07.20"]
[Round "1"]
[White "Calulalb"]
[Black "Echo314"]
[WhiteElo "2770"]
[BlackElo "2760"]
[Result "1-0"]
[Round "1"]
1.c4 e5
2.Nb1c3 Ng8f6
3.Ng1f3 Nb8c6
4.g3 d5
5.cxd5 Nf6xd5
6.Bf1g2 Nd5b6
7.O-O Bf8e7
8.a3 O-O
9.d3 Bc8e6
10.Bc1e3 a5
11.Ra1c1 a4
12.Nc3e4 Nb6d7
13.Qd1d2 Be6d5
14.Ne4c3 Nc6a5
15.Nc3xd5 { resign }
1-0

[Event "1/128 Finale"]
[Site "www.chess-mail.com"]
[Date "2015.07.20"]
[Round "1"]
[White "Feli"]
[Black "Hdr"]
[WhiteElo "1499"]
[BlackElo "1779"]
[Result "0-1"]
[Round "1"]
1.d4 Ng8f6
2.c4 g6
3.Nb1c3 Bf8g7
4.e4 O-O
5.Ng1f3 d6
6.Bf1e2 Nb8d7
7.O-O e5
8.Rf1e1 c6
9.Be2f1 exd4
10.Nf3xd4 Nf6g4
11.Qd1xg4 Bg7xd4
 { time }
0-1

[Event "1/128 Finale"]
[Site "www.chess-mail.com"]
[Date "2015.07.20"]
[Round "1"]
[White "Maredocla"]
[Black "Feli"]
[WhiteElo "2080"]
[BlackElo "1499"]
[Result "1-0"]
[Round "1"]
1.f4 d5
2.Ng1f3 g6
3.e3 Bf8g7
4.d4 Ng8h6
5.h3 Nh6f5
6.Nb1c3 Nf5g3
7.Rh1g1 Ng3xf1
8.Rg1xf1 c6
9.b3 Nb8d7
10.Bc1b2 Nd7f6
11.Qd1e2 h5
12.O-O-O Bc8f5
13.Nf3e5 h4
14.Nc3a4 Nf6e4
15.Rf1g1  { time }
1-0

[Event "1/64 Finale"]
[Site "www.chess-mail.com"]
[Date "2015.07.20"]
[Round "1"]
[White "Andradamaria"]
[Black "Tomcapp"]
[WhiteElo "2249"]
[BlackElo "1500"]
[Result "0-1"]
[Round "1"]
1.d4 d5
2.c4 dxc4
3.e3 Bc8e6
4.Qd1a4 Nb8c6
5.Bf1xc4 Be6xc4
6.Qa4xc4 e6
7.Ng1f3 Ng8f6
8.Nb1c3 Bf8b4
9.O-O Bb4xc3
10.Qc4xc3 a5
11.a3 Qd8d5
12.Qc3c5 Nf6e4
13.Qc5xd5 exd5
14.Nf3d2 O-O
15.f3 Ne4xd2
16.Bc1xd2 b5
17.Ra1c1 Ra8a6
18.Rc1c2 h6
19.Rf1c1 a4
20.Rc2xc6 Ra6xc6
21.Rc1xc6 f6
22.Rc6xc7 g5
23.Rc7c5 b4
24.axb4 a3
25.bxa3 h5
26.a4 Rf8a8
27.a5 h4
 { time }
0-1

[Event "1/32 Finale"]
[Site "www.chess-mail.com"]
[Date "2015.07.20"]
[Round "1"]
[White "Guidom"]
[Black "Vega"]
[WhiteElo "2060"]
[BlackElo "2520"]
[Result "0-1"]
[Round "1"]
1.e4 c5
2.Ng1f3 e6
3.c4 Nb8c6
4.Nb1c3 Ng8e7
5.d3 Nc6d4
6.Nf3xd4 cxd4
7.Nc3e2 Ne7c6
8.Bc1d2 Bf8e7
9.f4 Ra8b8
10.g3 b5
11.b3 bxc4
12.bxc4 Rb8b2
13.Qd1c1 Qd8b6
14.Bf1g2 Nc6b4
15.Bd2xb4 Be7xb4
16.Kf1 Bb4d2
17.Qc1d1 Bd2e3
18.Bg2f3 Rb2d2
19.Qd1b3 Qb6xb3
20.axb3 Rd2xd3
21.Ra1b1 Rd3d2
22.Ke1 d3
23.Ne2c3 Rd2f2
24.Bf3g4 Bc8b7
25.h3 h5
26.Bg4d1 d2
{ resign }
0-1

[Event "1/128 Finale"]
[Site "www.chess-mail.com"]
[Date "2015.07.20"]
[Round "1"]
[White "Coraza"]
[Black "Attatroll"]
[WhiteElo "1649"]
[BlackElo "1900"]
[Result "0-1"]
[Round "1"]
1.e4 d5
2.e5 Bc8f5
3.Ng1f3 e6
4.d4 c5
5.Bf1b5 Nb8c6
6.Bb5xc6 bxc6
7.Bc1g5 Bf8e7
8.Qd1d2 h6
9.Bg5e3 cxd4
10.Be3xd4 Qd8c7
11.O-O c5
12.Qd2c3 Ra8c8
13.Bd4e3 d4
14.Qc3b3 dxe3
15.fxe3 Rc8b8
16.Qb3c3 Qc7b6
17.b3 Be7d8
18.Nb1d2 Ng8e7
19.Nd2c4 Qb6b4
20.Qc3b2 Bd8c7
21.a3 Qb4b5
22.Rf1d1 O-O
23.a4 Qb5xc4
24.Ra1c1 Ne7d5
25.Nf3d2 Qc4g4
26.h3 Qg4b4
27.c3 Qb4xa4
28.Rc1a1 Qa4h4
29.Nd2f1 Bc7xe5
30.Rd1c1 Nd5b4
31.Qb2a3 Nb4c2
32.Qa3xa7 Nc2xa1
33.Rc1xa1 Rb8a8
34.Qa7xc5 Ra8xa1
35.Qc5xe5 Rf8a8
36.e4 Qh4xe4
37.Qe5b5 Qe4e3
38.Kh2 Qe3f4
39.Nf1g3 Qf4c1
40.Ng3e2 Qc1h1
41.Kg3 Ra1a2
42.Ne2f4 Bf5e4
43.Qb5c4 Ra2xg2
44.Nf4xg2 Qh1xg2
45.Kf4 Qg2f3
46.Ke5 Qf3f5
47.Kd4 Ra8d8
48.Ke3 Qf5f3

0-1

[Event "1/16 Finale"]
[Site "www.chess-mail.com"]
[Date "2015.07.20"]
[Round "1"]
[White "Asoka"]
[Black "Manolinex"]
[WhiteElo "2610"]
[BlackElo "2680"]
[Result "1/2-1/2"]
[Round "1"]
1.d4 d5
2.c4 e6
3.Ng1f3 c5
4.cxd5 exd5
5.Bc1g5 Bf8e7
6.Bg5xe7 Qd8xe7
7.e3 Ng8f6
8.dxc5 O-O
9.Nb1c3 Nb8c6
10.Nc3xd5 Nf6xd5
11.Qd1xd5 Bc8e6
12.Qd5d6 Qe7f6
13.Qd6d2 Ra8d8
14.Qd2c3 Qf6xc3
15.bxc3 Rd8d5
16.Bf1c4 Rd5xc5
17.Bc4xe6 fxe6
18.O-O Rf8d8
19.Rf1c1 Kf7
20.Kf1 Ke7
21.Ke2 Rd8c8
22.Nf3d2 b6
23.Rc1c2 Nc6b4
24.Rc2b2 Nb4d5
25.c4 Nd5c3
26.Kd3 Nc3a4
27.Rb2b4 Rc5a5
28.Nd2b3 Na4c5
29.Nb3xc5 Ra5xc5
30.a4 Rc8d8
31.Kc3 Rd8c8
32.Ra1a2 Rc8c6
{ draw }
1/2-1/2

[Event "1/32 Finale"]
[Site "www.chess-mail.com"]
[Date "2015.07.20"]
[Round "1"]
[White "Winterlude"]
[Black "Fjpv"]
[WhiteElo "2520"]
[BlackElo "2600"]
[Result "0-1"]
[Round "1"]
1.e4 e5
2.f4 exf4
3.Bf1c4 Qd8h4
4.Kf1 d6
5.d4 Bc8g4
6.Qd1d3 Nb8c6
7.Nb1c3 Ng8f6
8.Bc4b5 Bf8e7
9.d5 a6
10.dxc6 axb5
11.cxb7 Ra8b8
12.Qd3xb5 Bg4d7
13.Qb5e2 O-O
14.Ng1f3 Qh4h6
 { time }
0-1

[Event "1/64 Finale"]
[Site "www.chess-mail.com"]
[Date "2015.07.20"]
[Round "1"]
[White "Feli"]
[Black "Eusegon"]
[WhiteElo "1969"]
[BlackElo "2050"]
[Result "0-1"]
[Round "1"]
1.d4 e6
2.e4 d5
3.Nb1d2 Ng8f6
4.e5 Nf6d7
5.Bf1d3 c5
6.c3 Nb8c6
7.Ng1e2 cxd4
8.cxd4 f6
9.exf6 Nd7xf6
10.Nd2f3 Bf8d6
11.O-O Qd8c7
12.Bc1g5 O-O
13.Ra1c1 Bc8d7
14.Rf1e1 Ra8e8
 { time }
0-1

[Event "1/128 Finale"]
[Site "www.chess-mail.com"]
[Date "2015.07.20"]
[Round "1"]
[White "Eusegon"]
[Black "Generalfree"]
[WhiteElo "2050"]
[BlackElo "1780"]
[Result "1-0"]
[Round "1"]
1.e4 c6
2.d4 d5
3.Nb1c3 dxe4
4.Nc3xe4 Bc8f5
5.Ne4g3 Bf5d7
6.Ng1f3 f6
7.Bf1c4 b5
8.Bc4b3 e6
9.O-O Bf8d6
10.Rf1e1 Qd8e7
11.Ng3f5 Qe7f8
12.Bb3xe6 Bd7xe6
13.Re1xe6 Kf7
14.Re6xd6 { resign }
1-0

[Event "1/128 Finale"]
[Site "www.chess-mail.com"]
[Date "2015.07.20"]
[Round "1"]
[White "Drharislacan"]
[Black "Eusegon"]
[WhiteElo "1699"]
[BlackElo "2050"]
[Result "0-1"]
[Round "1"]
1.e4 g6
2.d4 Bf8g7
3.Nb1c3 d6
4.h3 Ng8f6
5.Rh1h2 O-O
6.g4 e5
7.Ng1f3 exd4
8.Nf3xd4 Rf8e8
9.Qd1e2 Nf6xe4
10.Rh2g2 Ne4xc3
11.bxc3 Re8xe2
12.Nd4xe2 Nb8c6
13.Rg2g3 Bc8e6
14.Bf1g2 Qd8d7
 { time }
0-1

[Event "1/2 Finale"]
[Site "www.chess-mail.com"]
[Date "2015.07.20"]
[Round "1"]
[White "Conde7"]
[Black "Hwj"]
[WhiteElo "2840"]
[BlackElo "2790"]
[Result "1/2-1/2"]
[Round "1"]
1.e4 c5
2.Ng1f3 Nb8c6
3.Bf1b5 d6
4.a4 Bc8d7
5.O-O e6
6.d4 cxd4
7.Nf3xd4 Ng8f6
8.Nd4xc6 Bd7xc6
9.Qd1e2 Qd8c7
10.Bc1f4 a6
11.Bb5d3 Bf8e7
12.c4 Nf6d7
13.a5 Be7f6
14.Rf1d1 O-O
15.Bd3c2 Bf6e5
16.Bf4xe5 dxe5
17.b4 Nd7b8
18.Nb1a3 Bc6e8
19.Bc2b3 Nb8c6
20.Na3c2 Be8d7
21.Rd1d2 Rf8d8
22.Ra1d1 Bd7e8
23.g3 Rd8xd2
24.Rd1xd2 Qc7e7
25.c5 Ra8d8
26.Qe2d1 Rd8xd2
27.Qd1xd2 Qe7d8
28.Qd2xd8 Nc6xd8
29.Nc2a3 Kf8
30.Kf1 Nd8c6
31.Na3c2 Ke7
32.Ke2 f6
33.Ke3 g5
34.h3 f5
35.Kd2 fxe4
36.Kc3 h5
37.Bb3a4 h4
38.Nc2e3 Nc6d4
39.Ba4xe8 Kxe8
40.Ne3g4 Nd4f3
41.b5 { draw }
1/2-1/2

[Event "1/128 Finale"]
[Site "www.chess-mail.com"]
[Date "2015.07.20"]
[Round "1"]
[White "Difficult"]
[Black "Inez"]
[WhiteElo "2030"]
[BlackElo "1570"]
[Result "1-0"]
[Round "1"]
1.c4 e5
2.Nb1c3 Ng8f6
3.g3 d5
4.cxd5 Nf6xd5
5.Bf1g2 Nd5b6
6.d3 Bf8e7
7.Ng1f3  { time }
1-0

[Event "1/8 Finale"]
[Site "www.chess-mail.com"]
[Date "2015.07.20"]
[Round "1"]
[White "Szustan"]
[Black "Cobraxx7"]
[WhiteElo "2620"]
[BlackElo "2710"]
[Result "1-0"]
[Round "1"]
1.e4 c5
2.c3 Ng8f6
3.e5 Nf6d5
4.d4 cxd4
5.Ng1f3 Nb8c6
6.Bf1c4 Nd5b6
7.Bc4b3 d6
8.exd6 Qd8xd6
9.O-O Bc8e6
10.Bb3xe6 Qd6xe6
11.Nf3xd4 Nc6xd4
12.cxd4 Qe6d7
13.Nb1c3 g6
14.Bc1e3 Bf8g7
15.Qd1b3 O-O
16.Ra1d1 Ra8c8
17.Nc3b5  { time }
1-0

[Event "1/128 Finale"]
[Site "www.chess-mail.com"]
[Date "2015.07.20"]
[Round "1"]
[White "Pariolinius"]
[Black "Boyc"]
[WhiteElo "1790"]
[BlackElo "1499"]
[Result "1-0"]
[Round "1"]
1.d4 Ng8f6
2.c4 e6
3.Ng1f3 b6
4.e3 Bc8b7
5.Bf1e2 Bf8e7
6.O-O c5
7.Nb1c3 O-O
8.Qd1c2 d6
9.Bc1d2 Nb8d7
10.Be2d3 Bb7xf3
11.gxf3 a6
12.Kh1 Qd8c7
13.Rf1g1 g6
14.Rg1g2 cxd4
15.Nc3e4 dxe3
16.Bd2xe3 b5
17.b3 Rf8c8
18.Ra1g1 d5
19.Ne4g5 Nd7f8
20.Qc2b2 bxc4
21.Rg1c1 c3
22.Qb2a1 e5
23.Rg2g1 d4
24.Be3d2 Qc7b7
25.Bd2e1 Nf8e6
26.Ng5xe6  { time }
1-0

[Event "1/128 Finale"]
[Site "www.chess-mail.com"]
[Date "2015.07.20"]
[Round "1"]
[White "Inez"]
[Black "Chiccogianca"]
[WhiteElo "1570"]
[BlackElo "2010"]
[Result "0-1"]
[Round "1"]
1.e4 b6
2.d4 Bc8b7
3.Bf1d3 g6
4.Ng1f3 Bf8g7
5.h4 h5
6.e5 e6
7.Bc1g5 Ng8e7
 { time }
0-1

[Event "1/128 Finale"]
[Site "www.chess-mail.com"]
[Date "2015.07.20"]
[Round "1"]
[White "Anja"]
[Black "Inez"]
[WhiteElo "1750"]
[BlackElo "1570"]
[Result "1-0"]
[Round "1"]
1.d4 d6
2.Ng1f3 Ng8f6
3.Bc1f4 g6
4.c4 Bf8g7
5.e3 Nf6h5
6.Bf4g3 Nh5xg3
7.hxg3  { time }
1-0

[Event "1/32 Finale"]
[Site "www.chess-mail.com"]
[Date "2015.07.20"]
[Round "1"]
[White "Samael"]
[Black "Guidom"]
[WhiteElo "2150"]
[BlackElo "2070"]
[Result "0-1"]
[Round "1"]
1.e4 e5
2.Ng1f3 Nb8c6
3.d3 d6
4.Nb1c3 Bf8e7
5.Bf1e2 Ng8f6
6.O-O O-O
7.h3 Bc8e6
8.Rf1e1 Qd8d7
9.Be2f1 Ra8d8
10.Nf3g5 h6
11.Ng5xe6 fxe6
12.Bf1e2 Nc6d4
13.a3 c5
14.Be2f1 a6
15.Nc3e2 b5
16.Ne2xd4 exd4
17.Bc1d2 e5
18.Bd2a5 Rd8c8
19.Ra1c1 c4
20.Qd1d2 d5
21.exd5 Qd7xd5
22.dxc4 bxc4
23.Ba5b4 Be7xb4
24.Qd2xb4 a5
25.Qb4d2 e4
26.Rc1d1 d3
27.g3 Qd5d4
28.cxd3 cxd3
29.Rd1c1 Rc8xc1
30.Re1xc1 Nf6h5
 { time }
0-1

[Event "1/128 Finale"]
[Site "www.chess-mail.com"]
[Date "2015.07.20"]
[Round "1"]
[White "Rindrandria"]
[Black "Ff333"]
[WhiteElo "1570"]
[BlackElo "2060"]
[Result "1-0"]
[Round "1"]
1.e4 e5
2.g3 Bf8c5
3.d3 Qd8f6
4.Ng1h3 h6
5.Bf1g2 d5
6.O-O d4
7.c4 Ng8e7
8.Nb1d2 O-O
9.Nd2b3 Bc5d6
10.c5 b6
11.cxd6 Qf6xd6
12.Nb3d2 Bc8a6
13.Nh3f4 g5
14.Nf4h5 Ba6xd3
15.Rf1e1 Qd6g6
16.Nd2f3 Qg6xh5
17.Qd1xd3 Nb8c6
18.a3 g4
19.Nf3h4 Ne7g6
20.Nh4f5 Nc6e7
21.Nf5xh6 Kh7
22.Qd3c4 Kg7
23.Qc4xc7 Rf8c8
24.Qc7b7 Rc8f8
25.Qb7a6 Ne7c6
26.Qa6e2 Ng6e7
27.Nh6xg4 Nc6a5
28.Bc1h6 { resign }
1-0

[Event "1/64 Finale"]
[Site "www.chess-mail.com"]
[Date "2015.07.20"]
[Round "1"]
[White "Amaya"]
[Black "Attatroll"]
[WhiteElo "1950"]
[BlackElo "1890"]
[Result "1-0"]
[Round "1"]
1.d4 Ng8f6
2.e3 d5
3.Bf1d3 c6
4.f4 e6
5.Nb1d2 Bf8d6
6.Ng1f3 O-O
7.O-O Nb8d7
8.Nf3e5 Bd6xe5
9.fxe5 Nf6e8
10.Qd1h5 g6
11.Qh5h6 Ne8g7
12.Rf1f3 Rf8e8
13.Rf3h3 Nd7f8
14.b3 Qd8e7
15.Nd2f3 b5
16.Nf3g5 Ng7f5
17.Bd3xf5 gxf5
18.Ng5xh7 f6
19.Rh3g3 { resign }
1-0

[Event "1/32 Finale"]
[Site "www.chess-mail.com"]
[Date "2015.07.20"]
[Round "1"]
[White "Chessmith19"]
[Black "Winterlude"]
[WhiteElo "2580"]
[BlackElo "2520"]
[Result "1-0"]
[Round "1"]
1.e4 d5
2.exd5 Qd8xd5
3.Nb1c3 Qd5a5
4.d4 Ng8f6
5.Ng1f3 Bc8f5
6.Bc1d2 c6
7.Bf1c4 e6
8.Qd1e2 Bf8b4
9.a3 Nb8d7
10.O-O-O Bb4xc3
11.Bd2xc3 Qa5c7
12.Nf3e5 b5
13.Bc4a2 Bf5e4
14.Ne5xd7 Qc7xd7
15.Bc3b4 Be4d5
16.Ba2xd5 Qd7xd5
17.Kb1 a5
18.Bb4c5 Qd5xg2
19.Qe2e3 Qg2e4
20.Qe3g3 { resign }
1-0

[Event "1/64 Finale"]
[Site "www.chess-mail.com"]
[Date "2015.07.20"]
[Round "1"]
[White "Bevittsmith"]
[Black "Vinvangogh"]
[WhiteElo "2270"]
[BlackElo "1520"]
[Result "1-0"]
[Round "1"]
1.e4 e5
2.Ng1f3 Nb8c6
3.Bf1b5 Bf8c5
4.c3 Ng8f6
5.d4 d5
6.dxc5 Nf6xe4
7.O-O O-O
8.Bb5xc6 bxc6
9.Nf3xe5 Ne4f6
10.Bc1g5 Kh8
11.Qd1f3 Rf8g8
12.Ne5xf7 
1-0

[Event "1/32 Finale"]
[Site "www.chess-mail.com"]
[Date "2015.07.20"]
[Round "1"]
[White "Hennie4820"]
[Black "Averoes"]
[WhiteElo "1940"]
[BlackElo "2210"]
[Result "1-0"]
[Round "1"]
1.e4 c5
2.Ng1f3 e6
3.d4 cxd4
4.Nf3xd4 a6
5.c4 Qd8c7
6.Bf1e2 Ng8f6
7.Nb1c3 Bf8b4
8.f3 Nb8c6
9.O-O Nc6e5
10.Qd1b3 Bb4c5
11.Bc1e3 h5
12.Kh1 Ne5g4
13.fxg4 Nf6xg4
14.Be2xg4 hxg4
15.Be3f4 e5
16.Nc3d5 { resign }
1-0

[Event "1/64 Finale"]
[Site "www.chess-mail.com"]
[Date "2015.07.20"]
[Round "1"]
[White "Cyrilgeorge"]
[Black "Jasmartin"]
[WhiteElo "1780"]
[BlackElo "1700"]
[Result "0-1"]
[Round "1"]
1.e4 g6
2.d4 Bf8g7
3.e5 d6
4.f4 d5
5.Ng1f3 Nb8c6
6.Bf1b5 Bc8d7
7.O-O e6
8.c4 a6
9.Bb5xc6 Bd7xc6
10.c5 Ng8e7
11.b4 Ne7f5
12.Nb1c3 Qd8d7
13.a4 b6
14.Bc1d2 O-O
15.Qd1b3 Ra8b8
16.b5 axb5
17.Nc3xb5 bxc5
18.dxc5 Rb8b7
19.Rf1b1 Rf8b8
20.Qb3d3 Qd7e7
21.Bd2e3 Nf5xe3
22.Qd3xe3 Bc6d7
23.Rb1b3 f6
24.Ra1b1 Bd7xb5
25.Rb3xb5 c6
26.Rb5xb7 Rb8xb7
27.Rb1xb7 Qe7xb7
28.Qe3a3 Qb7b1
29.Kf2 Qb1e4
30.exf6 Bg7xf6
31.g3 Qe4c2
32.Ke3 Bf6b2
33.Nf3e1 Qc2c1
{ resign }
0-1

[Event "1/128 Finale"]
[Site "www.chess-mail.com"]
[Date "2015.07.20"]
[Round "1"]
[White "Cyrilgeorge"]
[Black "Sik"]
[WhiteElo "1780"]
[BlackElo "1650"]
[Result "0-1"]
[Round "1"]
1.e4 e5
2.Ng1f3 Nb8c6
3.c3 Ng8f6
4.Bf1c4 Bf8e7
5.O-O O-O
6.d4 exd4
7.Nf3xd4 Nf6xe4
8.Qd1f3 d5
9.Bc4d3 Nc6xd4
10.cxd4 Ne4f6
11.Nb1c3 b6
12.Bc1e3 Bc8e6
13.Bd3f5 Ra8c8
14.Bf5xe6 fxe6
15.a3 c5
16.Nc3b5 Qd8d7
17.a4 Nf6e4
18.Qf3e2 cxd4
19.Be3xd4 Be7c5
20.Bd4xc5 bxc5
21.f3 Ne4d6
22.Nb5xd6 Qd7xd6
23.Rf1c1 c4
24.Rc1c2 d4
25.Ra1d1 d3
26.Qe2d2 Qd6c5
27.Qd2f2 dxc2
28.Rd1c1 Qc5xf2
29.Kxf2 Rf8d8
30.Rc1xc2 Rd8d3
31.Ke2 Kf7
32.g3 Kf6
33.f4 Kf5
34.Rc2d2 Ke4
{ resign }
0-1

[Event "1/128 Finale"]
[Site "www.chess-mail.com"]
[Date "2015.07.20"]
[Round "1"]
[White "Sik"]
[Black "Vitoriccardo"]
[WhiteElo "1650"]
[BlackElo "1740"]
[Result "1-0"]
[Round "1"]
1.e4 e6
2.Ng1f3 d5
3.e5 c5
4.c3 d4
5.cxd4 cxd4
6.Qd1a4 Nb8c6
7.Bf1b5 Bc8d7
8.Bb5xc6 Bd7xc6
9.Qa4c4 Ng8e7
10.Qc4xd4 Ne7f5
11.Qd4xd8 Ra8xd8
12.O-O Bf8c5
13.d4 Nf5xd4
14.Nf3xd4 Bc5xd4
15.Nb1a3 Bd4xe5
16.Na3c4 Be5c7
17.Bc1e3 b6
18.Ra1c1 O-O
19.Nc4xb6 Bc7xb6
20.Be3xb6 axb6
21.Rc1xc6 Rd8d2
22.Rc6xb6 Rf8d8
23.a4 Rd2d5
24.g3 h5
25.b4 Rd8a8
26.Rf1a1 e5
27.a5 e4
28.a6 Rd5d7
29.b5 f5
30.Ra1c1 g5
31.Rc1c6 Ra8f8
32.Rc6g6 Rd7g7
33.Rg6xg7 Kxg7
34.Rb6b7 Kf6
35.a7 Rf8a8
36.b6 { resign }
1-0

[Event "1/16 Finale"]
[Site "www.chess-mail.com"]
[Date "2015.07.20"]
[Round "1"]
[White "Cobraxx7"]
[Black "Asoka"]
[WhiteElo "2710"]
[BlackElo "2630"]
[Result "0-1"]
[Round "1"]
1.c4 e5
2.Ng1f3 e4
3.Nf3d4 Nb8c6
4.e3 Ng8f6
5.Nb1c3 Bf8b4
6.Qd1c2 O-O
7.Nd4xc6 dxc6
8.Nc3xe4 Bc8f5
9.Ne4xf6 Qd8xf6
10.Bf1d3 Bf5xd3
11.Qc2xd3 Ra8d8
12.Qd3b3 Bb4a5
13.Qb3xb7 Ba5b6
14.O-O a5
15.c5 Bb6xc5
16.Qb7xc7 Rd8d5
 { time }
0-1

[Event "1/32 Finale"]
[Site "www.chess-mail.com"]
[Date "2015.07.20"]
[Round "1"]
[White "Llord"]
[Black "Cyrilgeorge"]
[WhiteElo "1730"]
[BlackElo "1780"]
[Result "1/2-1/2"]
[Round "1"]
1.e4 e5
2.Ng1f3 f6
3.Bf1c4 Ng8e7
4.d4 Nb8c6
5.d5 Nc6a5
6.Bc4b3 Na5xb3
7.axb3 d6
8.h3 b6
9.O-O Bc8a6
10.c4 Ba6b7
11.Nb1c3 a6
12.Bc1e3 Ne7c8
13.b4 Nc8a7
14.Qd1a4 Qd8d7
15.Qa4xd7 Kxd7
16.b5 axb5
17.Nc3xb5 Na7xb5
18.Ra1xa8 Bb7xa8
19.cxb5 Bf8e7
20.Rf1a1 Rh8b8
{ draw }
1/2-1/2

[Event "1/128 Finale"]
[Site "www.chess-mail.com"]
[Date "2015.07.20"]
[Round "1"]
[White "Preacher59"]
[Black "Llord"]
[WhiteElo "1930"]
[BlackElo "1730"]
[Result "0-1"]
[Round "1"]
1.c4 e5
2.Nb1c3 Ng8f6
3.g3 Bf8c5
4.Bf1g2 O-O
5.d3 c6
6.Bc1g5 h6
7.Bg5xf6 Qd8xf6
8.Ng1f3 Nb8a6
9.O-O { time. }
0-1

[Event "1/16 Finale"]
[Site "www.chess-mail.com"]
[Date "2015.07.20"]
[Round "1"]
[White "Stepanpech"]
[Black "Manolinex"]
[WhiteElo "2460"]
[BlackElo "2710"]
[Result "0-1"]
[Round "1"]
1.d4 Ng8f6
2.c4 g6
3.Nb1c3 d5
4.cxd5 Nf6xd5
5.e4 Nd5xc3
6.bxc3 Bf8g7
7.Bf1c4 c5
8.Ng1e2 cxd4
9.cxd4 O-O
10.O-O Nb8c6
11.Bc1e3 { time. }
0-1

[Event "1/64 Finale"]
[Site "www.chess-mail.com"]
[Date "2015.07.20"]
[Round "1"]
[White "Llord"]
[Black "Iko"]
[WhiteElo "1730"]
[BlackElo "1480"]
[Result "1-0"]
[Round "1"]
1.e4 e5
2.Ng1f3 d6
3.Bf1c4 Ng8h6
4.d3 Bc8g4
5.h3 Bg4xf3
6.Qd1xf3 f6
7.Bc1xh6 gxh6
8.Qf3h5 Kd7
9.Qh5f7 Kc6
10.Nb1c3 Qd8e7
11.Bc4b5 Kb6
12.Nc3d5 Kxb5
13.Nd5xe7 Bf8xe7
14.Qf7xe7 Rh8g8
15.Qe7xc7 Ka6
16.Qc7xd6 Nb8c6
17.c4 Rg8d8
18.Qd6xf6 Rd8xd3
19.O-O Rd3d4
20.b4 Rd4xc4
21.Qf6d6 Rc4xe4
22.Qd6d3 b5
23.Qd3xe4 Ra8d8
24.Qe4xc6 
1-0

[Event "1/4 Finale"]
[Site "www.chess-mail.com"]
[Date "2015.07.20"]
[Round "1"]
[White "Maxiboi"]
[Black "Pgcbies"]
[WhiteElo "2820"]
[BlackElo "2670"]
[Result "1-0"]
[Round "1"]
1.e4 e5
2.Ng1f3 Nb8c6
3.Bf1b5 a6
4.Bb5a4 Ng8f6
5.d3 b5
6.Ba4b3 Bf8e7
7.O-O Bc8b7
8.c4 bxc4
9.Bb3xc4 O-O
10.Nb1c3 d6
11.a3 Nc6d4
12.b4 c6
13.Nf3xd4 exd4
14.Nc3e2 d5
15.exd5 Nf6xd5
16.Rf1e1 c5
17.Ne2g3 cxb4
18.Ng3f5 Be7c5
19.Qd1g4 g6
20.axb4 Bc5xb4
21.Re1e5 f6
22.Re5e2 Kh8
23.Nf5xd4 Nd5c3
24.Re2e6 Qd8d7
25.Bc1h6 Rf8d8
26.Ra1e1 Nc3d5
27.Re1e4 Rd8g8
28.Qg4f3 Bb7c8
29.Bc4xd5 { resign }
1-0

[Event "1/128 Finale"]
[Site "www.chess-mail.com"]
[Date "2015.07.20"]
[Round "1"]
[White "Culiflori"]
[Black "Iko"]
[WhiteElo "999"]
[BlackElo "1480"]
[Result "1-0"]
[Round "1"]
1.e4 e5
2.Ng1f3 d6
3.d4 Bc8g4
4.dxe5 dxe5
5.Qd1xd8 Kxd8
6.Nf3xe5 Ng8h6
7.Bc1xh6 gxh6
8.Ne5xg4 h5
9.Ng4e5 Ke7
10.Nb1c3 Ke6
11.Ne5f3 Nb8c6
12.O-O-O Bf8h6
13.Kb1 Ra8d8
14.Bf1c4 Ke7
15.Nc3d5 Ke8
16.Nd5xc7 Kf8
17.Rd1xd8 Kg7
18.Rd8xh8 Kxh8
19.Bc4xf7 Kg7
20.Bf7xh5 Bh6f4
21.Nc7e6 Kh6
22.Bh5e8 Nc6a5
23.Rh1d1 Na5c4
24.Rd1d7 Nc4e5
25.Nf3xe5 Bf4xe5
26.Rd7xb7 a5
27.Rb7b5 a4
28.c4 Be5xh2
29.c5 Bh2g1
30.c6 Bg1xf2
31.Rb5h5 
1-0

[Event "1/128 Finale"]
[Site "www.chess-mail.com"]
[Date "2015.07.20"]
[Round "1"]
[White "Iko"]
[Black "Mknittel"]
[WhiteElo "1480"]
[BlackElo "1809"]
[Result "1-0"]
[Round "1"]
1.e4 c5
2.e5 Nb8c6
3.f4 d6
4.Bf1b5 dxe5
5.fxe5 Bc8d7
6.Bb5xc6 Bd7xc6
7.Ng1f3 Ng8h6
8.d4 Nh6f5
9.dxc5  { time }
1-0